[Event "Espalion op 3rd"]
[Site "Espalion"]
[Date "2018.07.21"]
[Round "9"]
[White "Labarthe, Arnaud"]
[Black "Pass, Deborah"]
[Result "0-1"]
[WhiteElo "1632"]
[BlackElo "1951"]
[PlyCount "54"]
[EventDate "2018.07.14"]
[EventType "swiss"]
[EventRounds "9"]
[EventCountry "FRA"]
[SourceTitle "CBM 185 Extra"]
[Source "ChessBase"]
[SourceDate "2018.07.29"]
[SourceVersion "1"]
[SourceVersionDate "2018.07.29"]
[SourceQuality "1"]

1. d4 Nf6 2. c4 g6 3. Nc3 Bg7 4. e4 d6 5. f4 c5 6. d5 0-0 7. Nf3 e6 8. Be2 exd5 9. exd5 Re8 10. 0-0 Bf5 11. Bd3 Qd7 12. Bc2 Bxc2 13. Qxc2 Na6 14. a3 Nc7 15. f5 b5 16. fxg6 hxg6 17. Ng5 Ng4 18. Bd2 Bd4+ 19. Kh1 f5 20. Nh3 b4 21. axb4 cxb4 22. Qa4 Qxa4 23. Nxa4 Re2 24. Bxb4 Rae8 25. Rae1 Rc2 26. Bc3 Be3 27. Rd1 Re4 0-1

[Event "Espalion op 3rd"]
[Site "Espalion"]
[Date "2018.07.16"]
[Round "4"]
[White "Martin, Gerard"]
[Black "Labarthe, Arnaud"]
[Result "1-0"]
[WhiteElo "1381"]
[BlackElo "1632"]
[PlyCount "77"]
[EventDate "2018.07.14"]
[EventType "swiss"]
[EventRounds "9"]
[EventCountry "FRA"]
[SourceTitle "CBM 185 Extra"]
[Source "ChessBase"]
[SourceDate "2018.07.29"]
[SourceVersion "1"]
[SourceVersionDate "2018.07.29"]
[SourceQuality "1"]

1. d4 Nf6 2. c4 e5 3. dxe5 Ne4 4. Nf3 b6 5. a3 Bb7 6. e3 g5 7. Nbd2 Bg7 8. e6 fxe6 9. Nd4 Qf6 10. Nxe4 Bxe4 11. f3 Bb7 12. Nb5 Qd8 13. Bd2 a6 14. Nc3 Nc6 15. Be2 Qe7 16. Qc2 0-0-0 17. 0-0-0 d5 18. cxd5 exd5 19. Qf5+ Kb8 20. Kb1 Bc8 21. Qc2 Qe6 22. Rhe1 Na5 23. Rc1 Be5 24. e4 d4 25. Nd5 Rxd5 26. exd5 Qxd5 27. Bxa5 Qxa5 28. Bd3 Rd8 29. Be4 c5 30. Bxh7 Bd6 31. g3 Ka7 32. Bf5 c4 33. Bxc8 Rxc8 34. Red1 Be5 35. Rd3 Rc7 36. b4 cxb3 37. Qxb3 Re7 38. Qb4 Qd5 39. Qxe7+ 1-0

[Event "Espalion op 3rd"]
[Site "Espalion"]
[Date "2018.07.15"]
[Round "2"]
[White "Charlier, Antoine"]
[Black "Labarthe, Arnaud"]
[Result "1-0"]
[WhiteElo "1259"]
[BlackElo "1632"]
[PlyCount "109"]
[EventDate "2018.07.14"]
[EventType "swiss"]
[EventRounds "9"]
[EventCountry "FRA"]
[SourceTitle "CBM 185 Extra"]
[Source "ChessBase"]
[SourceDate "2018.07.29"]
[SourceVersion "1"]
[SourceVersionDate "2018.07.29"]
[SourceQuality "1"]

1. d4 Nf6 2. Nf3 b6 3. Bf4 Bb7 4. e3 d5 5. Nc3 a6 6. Be2 e6 7. a3 Bd6 8. Be5 Nbd7 9. Bxd6 cxd6 10. Bd3 0-0 11. Qe2 e5 12. Bf5 exd4 13. Nxd4 Ne5 14. b3 g6 15. Bd3 Qc7 16. Na2 Ne4 17. Bxe4 dxe4 18. 0-0 Qd7 19. h3 a5 20. Nc3 Rfc8 21. Na4 Ba6 22. c4 Bxc4 23. Qd1 Bxf1 24. Nxb6 Qb7 25. Nxc8 Rxc8 26. Kxf1 Nd3 27. Rb1 Qe7 28. Nc2 Qf6 29. f3 Ne5 30. Ne1 exf3 31. Nxf3 Qf5 32. Kg1 Rc2 33. Nd4 Rxg2+ 34. Kxg2 Qe4+ 35. Kh2 Qxe3 36. Rb2 Qxd4 37. Qxd4 Nf3+ 38. Kg2 Nxd4 39. b4 axb4 40. axb4 Nb5 41. Kf3 Kf8 42. Ra2 Ke7 43. Ra5 Nd4+ 44. Ke4 Nc6 45. Rb5 Ke6 46. Rb6 f5+ 47. Ke3 Kd5 48. b5 Ne5 49. Rb7 h5 50. Rc7 g5 51. b6 f4+ 52. Kf2 Nc6 53. b7 Nb8 54. Rc8 Nd7 55. Rd8 1-0

[Event "Vaujany op-B 8th"]
[Site "Vaujany"]
[Date "2017.07.16"]
[Round "4.10"]
[White "Labarthe, Arnaud"]
[Black "Arcusa, Michel"]
[Result "0-1"]
[WhiteElo "1691"]
[BlackElo "1816"]
[PlyCount "82"]
[EventDate "2017.07.13"]
[EventType "swiss"]
[EventRounds "9"]
[EventCountry "FRA"]
[SourceTitle "EXT 2020"]
[Source "ChessBase"]
[SourceDate "2019.10.17"]
[SourceVersion "1"]
[SourceVersionDate "2019.10.17"]
[SourceQuality "1"]

1. d4 Nf6 2. Nc3 e6 3. e4 d5 4. Bg5 Be7 5. e5 Nfd7 6. h4 Bxg5 7. hxg5 Qxg5 8. Qd3 h6 9. Nf3 Qe7 10. a3 a6 11. b4 Nb6 12. Nd2 Bd7 13. Qg3 Qf8 14. Bd3 Na4 15. Nxa4 Bxa4 16. c3 Nd7 17. c4 dxc4 18. Nxc4 Bb5 19. Rc1 Bxc4 20. Rxc4 c6 21. 0-0 Rd8 22. d5 Nb6 23. dxe6 Nxc4 24. exf7+ Kxf7 25. Bxc4+ Ke7 26. Qe3 Kd7 27. Qb6 Kc8 28. Bxa6 Qe7 29. Rc1 Kb8 30. Rxc6 Rd1+ 31. Bf1 Qxe5 32. Re6 Qa1 33. Qb5 Rc8 34. Re7 Rxf1+ 35. Kh2 Rh1+ 36. Kg3 Qc3+ 37. f3 Qc6 38. Qe5+ Ka8 39. Qxg7 Qd6+ 40. Kg4 Rh2 41. g3 h5+ 0-1

[Event "Vaujany op 5th"]
[Site "Vaujany"]
[Date "2014.07.16"]
[Round "7.4"]
[White "Laronche, Thomas"]
[Black "Labarthe, Arnaud"]
[Result "1-0"]
[WhiteElo "1574"]
[BlackElo "1767"]
[PlyCount "75"]
[EventDate "2014.07.10"]
[EventType "swiss"]
[EventRounds "9"]
[EventCountry "FRA"]
[SourceTitle "EXT 2017"]
[Source "ChessBase"]
[SourceDate "2016.10.25"]
[SourceVersion "1"]
[SourceVersionDate "2016.10.25"]
[SourceQuality "1"]

1. e4 d5 2. exd5 Nf6 3. d4 Bg4 4. Bb5+ Nbd7 5. f3 Bf5 6. g4 a6 7. Ba4 Bg6 8. Nc3 b5 9. Bb3 Nb6 10. Qe2 Nbxd5 11. Nxd5 Nxd5 12. a4 c6 13. axb5 e6 14. bxc6 Bb4+ 15. Kf2 0-0 16. Rxa6 Qf6 17. Rxa8 Rxa8 18. c3 Qh4+ 19. Kg2 Bd6 20. Bxd5 exd5 21. Nh3 h6 22. Bf4 Qd8 23. Re1 Qc7 24. Bxd6 Qxd6 25. Qe5 Qxc6 26. Nf4 Qb5 27. Qxd5 Qxd5 28. Nxd5 Ra2 29. Ne7+ Kh7 30. Nxg6 Rxb2+ 31. Kg3 Kxg6 32. d5 Kf6 33. c4 Rd2 34. h4 g6 35. Kf4 g5+ 36. hxg5+ hxg5+ 37. Ke3 Rc2 38. Kd4 1-0

[Event "La Rosiere op"]
[Site "Bourg Saint Maurice"]
[Date "2013.08.29"]
[Round "5"]
[White "Labarthe, Arnaud"]
[Black "Birens, Eric Andre"]
[Result "1/2-1/2"]
[WhiteElo "1851"]
[BlackElo "1939"]
[PlyCount "31"]
[EventDate "2013.08.25"]
[EventType "swiss"]
[EventRounds "7"]
[EventCountry "FRA"]
[SourceTitle "EXT 2015"]
[Source "ChessBase"]
[SourceDate "2014.11.20"]
[SourceVersion "1"]
[SourceVersionDate "2014.11.20"]
[SourceQuality "1"]

1. d4 Nf6 2. Nc3 d5 3. Bg5 Nbd7 4. Nf3 e6 5. e3 g6 6. Bd3 Bg7 7. h3 0-0 8. 0-0 Re8 9. Bf4 Nh5 10. Bh2 e5 11. dxe5 Nxe5 12. Nxe5 Bxe5 13. Bxe5 Rxe5 14. Be2 Nf6 15. Qd4 Qe7 16. Rad1 1/2-1/2

[Event "La Rosiere op"]
[Site "Bourg Saint Maurice"]
[Date "2013.08.25"]
[Round "1"]
[White "Georges, Lisa"]
[Black "Labarthe, Arnaud"]
[Result "0-1"]
[WhiteElo "1430"]
[BlackElo "1851"]
[PlyCount "76"]
[EventDate "2013.08.25"]
[EventType "swiss"]
[EventRounds "7"]
[EventCountry "FRA"]
[SourceTitle "EXT 2015"]
[Source "ChessBase"]
[SourceDate "2014.11.20"]
[SourceVersion "1"]
[SourceVersionDate "2014.11.20"]
[SourceQuality "1"]

1. d4 Nf6 2. c4 e5 3. Nf3 e4 4. Nfd2 b6 5. Nc3 Bb4 6. e3 0-0 7. Be2 Bb7 8. 0-0 Re8 9. Qc2 d5 10. cxd5 Bxc3 11. bxc3 Bxd5 12. c4 Bb7 13. Ba3 Nc6 14. d5 Nb8 15. Rab1 Nbd7 16. Nb3 Ne5 17. Nd4 Qd7 18. Qc3 a6 19. Rfc1 Rac8 20. h3 Ba8 21. Qc2 Qd8 22. Rd1 Nfd7 23. Nb3 Ng6 24. Nd2 f5 25. Qb3 Kh8 26. Nf1 Qg5 27. d6 c5 28. Qa4 Bc6 29. Qb3 f4 30. exf4 Nxf4 31. Ng3 e3 32. Bg4 h5 33. Bxd7 Bxd7 34. Bc1 exf2+ 35. Kxf2 Re2+ 36. Nxe2 Qxg2+ 37. Ke3 Re8+ 38. Kxf4 g5# 0-1

[Event "Schoelcher Martinique op"]
[Site "Schoelcher "]
[Date "2013.04.07"]
[Round "9"]
[White "Mendiondo, Yosvany"]
[Black "Labarthe, Arnaud"]
[Result "1-0"]
[WhiteElo "2130"]
[BlackElo "1886"]
[PlyCount "74"]
[EventDate "2013.04.03"]
[EventType "swiss"]
[EventRounds "9"]
[EventCountry "MFR"]
[SourceTitle "CBM 153 Extra"]
[Source "ChessBase"]
[SourceDate "2013.04.22"]
[SourceVersion "1"]
[SourceVersionDate "2013.04.22"]
[SourceQuality "1"]

1. Nf3 Nf6 2. g3 b6 3. Bg2 Bb7 4. 0-0 d5 5. d4 e6 6. Bg5 h6 7. Bxf6 gxf6 8. c4 c6 9. Nbd2 Nd7 10. Re1 Be7 11. e4 dxe4 12. Nxe4 f5 13. Nc3 Qc7 14. d5 0-0-0 15. dxe6 fxe6 16. Qa4 Kb8 17. b4 Bf6 18. Rac1 e5 19. Red1 h5 20. Nb5 cxb5 21. cxb5 Nc5 22. bxc5 Rxd1+ 23. Qxd1 bxc5 24. Qc2 e4 25. Nd2 Bg5 26. Re1 h4 27. Qc3 Bxd2 28. Qxh8+ Qc8 29. Qxc8+ Kxc8 30. Re2 Bg5 31. Bh3 hxg3 32. hxg3 Kc7 33. Bxf5 Kb6 34. Bd7 a6 35. Bc6 axb5 36. Bxb7 Kxb7 37. Rxe4 Bf6 1-0

[Event "Milan Repubblica op"]
[Site "Milan"]
[Date "2012.06.02"]
[Round "4"]
[White "D'Avino, Luca"]
[Black "Labarthe, Arnaud"]
[Result "1-0"]
[WhiteElo "1869"]
[BlackElo "1907"]
[PlyCount "49"]
[EventDate "2012.05.31"]
[EventType "swiss"]
[EventRounds "6"]
[EventCountry "ITA"]
[SourceTitle "EXT 2015"]
[Source "ChessBase"]
[SourceDate "2014.11.20"]
[SourceVersion "1"]
[SourceVersionDate "2014.11.20"]
[SourceQuality "1"]

1. d4 Nf6 2. c4 e5 3. dxe5 Ne4 4. Nf3 b6 5. a3 Bb7 6. e3 g5 7. Nbd2 Bg7 8. Bd3 Nc5 9. Bc2 a5 10. Rb1 a4 11. b4 axb3 12. Nxb3 Nxb3 13. Bxb3 g4 14. Nd4 Bxg2 15. Qxg4 Bxh1 16. Qxg7 Rf8 17. Bc2 Nc6 18. Nb5 Na7 19. Nxa7 Rxa7 20. Bxh7 Qe7 21. e4 Rxa3 22. Bg5 Qc5 23. Qf6 Ra8 24. e6 dxe6 25. Rd1 1-0

[Event "Milan Repubblica op"]
[Site "Milan"]
[Date "2012.05.31"]
[Round "1"]
[White "Zuliani, Francesco"]
[Black "Labarthe, Arnaud"]
[Result "1/2-1/2"]
[WhiteElo "1770"]
[BlackElo "1907"]
[PlyCount "73"]
[EventDate "2012.05.31"]
[EventType "swiss"]
[EventRounds "6"]
[EventCountry "ITA"]
[SourceTitle "EXT 2015"]
[Source "ChessBase"]
[SourceDate "2014.11.20"]
[SourceVersion "1"]
[SourceVersionDate "2014.11.20"]
[SourceQuality "1"]

1. e4 d5 2. exd5 Nf6 3. d4 Bg4 4. f3 Bf5 5. Bb5+ Nbd7 6. c4 e6 7. dxe6 Bxe6 8. Bxd7+ Nxd7 9. b3 Bb4+ 10. Kf1 0-0 11. Ne2 c5 12. d5 Qf6 13. dxe6 fxe6 14. Nbc3 Bxc3 15. Nxc3 Qxc3 16. Bd2 Qd3+ 17. Kf2 Qd4+ 18. Be3 Qh4+ 19. g3 Qf6 20. f4 Qe7 21. Kg2 Rad8 22. Qe2 b6 23. Rad1 e5 24. Bc1 e4 25. Bb2 Rfe8 26. Rhe1 Nb8 27. Be5 Nc6 28. Qxe4 Nxe5 29. fxe5 Rxd1 30. Rxd1 Qxe5 31. Qxe5 Rxe5 32. Rd8+ Kf7 33. Rd7+ Re7 34. Rxe7+ Kxe7 35. Kf3 Kf6 36. Ke4 Ke6 37. Kf4 1/2-1/2

[Event "Martinique-ch"]
[Site "Fort de France"]
[Date "2012.05.17"]
[Round "2.9"]
[White "Labarthe, Arnaud"]
[Black "Sauveur, Camille"]
[Result "1-0"]
[WhiteElo "1907"]
[BlackElo "1580"]
[PlyCount "45"]
[EventDate "2012.05.??"]
[EventType "swiss"]
[EventRounds "9"]
[EventCountry "MFR"]
[SourceTitle "EXT 2014"]
[Source "ChessBase"]
[SourceDate "2013.11.20"]
[SourceVersion "1"]
[SourceVersionDate "2013.11.20"]
[SourceQuality "1"]

1. d4 g6 2. e4 d6 3. c4 Nf6 4. Nc3 Bg7 5. f4 0-0 6. Nf3 Nc6 7. Be2 Ne8 8. d5 Nb8 9. 0-0 f5 10. e5 e6 11. Ng5 dxe5 12. dxe6 Qe7 13. Nd5 Qd6 14. e7 Rf6 15. fxe5 Qxe5 16. Bf4 Qxb2 17. Rb1 Qa3 18. Nxf6+ Bxf6 19. Qd5+ Kh8 20. Nf7+ Kg8 21. Nh6+ Kg7 22. Qf7+ Kh8 23. Qg8# 1-0

[Event "Torino 150 Italy Unity op B"]
[Site "Torino"]
[Date "2011.06.05"]
[Round "9"]
[White "Labarthe, Arnaud"]
[Black "Bisi, Samuele"]
[Result "1/2-1/2"]
[WhiteElo "1877"]
[BlackElo "1940"]
[PlyCount "42"]
[EventDate "2011.05.31"]
[EventType "swiss"]
[EventRounds "9"]
[EventCountry "ITA"]
[SourceTitle "EXT 2024"]
[Source "ChessBase"]
[SourceDate "2023.10.10"]
[SourceVersion "1"]
[SourceVersionDate "2023.10.10"]
[SourceQuality "1"]

1. d4 Nf6 2. c4 e6 3. Nf3 c5 4. d5 b5 5. Bg5 exd5 6. cxd5 d6 7. e4 a6 8. a4 Be7 9. Qc2 Nxd5 10. Bd2 Nc7 11. axb5 0-0 12. Nc3 Bb7 13. Bd3 axb5 14. Rxa8 Bxa8 15. Nxb5 Nxb5 16. Bxb5 Nd7 17. 0-0 Nf6 18. Bd3 Re8 19. Bc3 c4 20. Bxc4 Bxe4 21. Qe2 Qb6 1/2-1/2

[Event "Torino 150 Italy Unity op B"]
[Site "Torino"]
[Date "2011.06.04"]
[Round "6"]
[White "Martin, Tiziano"]
[Black "Labarthe, Arnaud"]
[Result "1-0"]
[WhiteElo "1936"]
[BlackElo "1877"]
[PlyCount "57"]
[EventDate "2011.05.31"]
[EventType "swiss"]
[EventRounds "9"]
[EventCountry "ITA"]
[SourceTitle "EXT 2024"]
[Source "ChessBase"]
[SourceDate "2023.10.10"]
[SourceVersion "1"]
[SourceVersionDate "2023.10.10"]
[SourceQuality "1"]

1. d4 Nf6 2. Nf3 c5 3. c3 e6 4. e3 b6 5. Nbd2 Bb7 6. Bd3 d5 7. 0-0 Nbd7 8. Ne5 Bd6 9. f4 Bxe5 10. fxe5 Ne4 11. Qf3 f5 12. exf6 Nexf6 13. Qh3 Ke7 14. Nf3 Qg8 15. Ne5 Rf8 16. Bd2 Ne4 17. Bxe4 dxe4 18. Nxd7 Kxd7 19. c4 Rxf1+ 20. Rxf1 Qe8 21. d5 Kd6 22. Qg3+ e5 23. Qxg7 Bxd5 24. cxd5 Kxd5 25. Qxa7 Rf8 26. Rxf8 Qxf8 27. Qxb6 Qf5 28. b4 Qg4 29. Qxc5+ 1-0

[Event "Arvier op"]
[Site "Arvier"]
[Date "2010.07.06"]
[Round "5"]
[White "Montani, Riccardo"]
[Black "Labarthe, Arnaud"]
[Result "1-0"]
[WhiteElo "1873"]
[BlackElo "1908"]
[PlyCount "65"]
[EventDate "2010.07.03"]
[EventType "swiss"]
[EventRounds "9"]
[EventCountry "ITA"]
[SourceTitle "CBM 137 Extra"]
[Source "ChessBase"]
[SourceDate "2010.09.01"]
[SourceVersion "1"]
[SourceVersionDate "2010.09.01"]
[SourceQuality "1"]

1. Nf3 Nc6 2. e4 d5 3. exd5 Qxd5 4. Nc3 Qa5 5. Nb5 Kd8 6. h3 a6 7. Nc3 Ne5 8. Be2 Nxf3+ 9. Bxf3 Qe5+ 10. Ne2 Nf6 11. d4 Qa5+ 12. c3 e6 13. Be3 Nd5 14. Bd2 Qb5 15. Qc2 Bd6 16. c4 Qd7 17. cxd5 exd5 18. Bxd5 c6 19. Bf3 f6 20. Rd1 g5 21. d5 c5 22. Ba5+ Ke7 23. Ng3 Kf7 24. 0-0 Qb5 25. Bc3 Qc4 26. b3 Qf4 27. Qd2 Be5 28. Bxe5 fxe5 29. Qxf4+ gxf4 30. Ne4 Bd7 31. Nxc5 Bb5 32. Rfe1 Rac8 33. Nxb7 1-0

[Event "Arvier op"]
[Site "Arvier"]
[Date "2010.07.05"]
[Round "4"]
[White "Labarthe, Arnaud"]
[Black "Manni, Stefano"]
[Result "0-1"]
[WhiteElo "1908"]
[BlackElo "1961"]
[PlyCount "64"]
[EventDate "2010.07.03"]
[EventType "swiss"]
[EventRounds "9"]
[EventCountry "ITA"]
[SourceTitle "CBM 137 Extra"]
[Source "ChessBase"]
[SourceDate "2010.09.01"]
[SourceVersion "1"]
[SourceVersionDate "2010.09.01"]
[SourceQuality "1"]

1. e4 e5 2. Bc4 Nc6 3. d3 Na5 4. Bxf7+ Kxf7 5. Qh5+ Ke6 6. Qf5+ Kd6 7. d4 Qe8 8. Nf3 g6 9. Qh3 Bg7 10. 0-0 Ke7 11. dxe5 d6 12. Qh4+ Kf8 13. exd6 cxd6 14. Qf4+ Nf6 15. Qxd6+ Qe7 16. Qf4 Qxe4 17. Qc7 Nc6 18. Re1 Qd5 19. Nc3 Qd7 20. Qf4 Kg8 21. Qc4+ Qf7 22. Qb5 h6 23. Bf4 Kh7 24. Rad1 Bg4 25. Re3 Rhe8 26. Rde1 Rxe3 27. Rxe3 Bxf3 28. Rxf3 Nd4 29. Qd3 Nxf3+ 30. Qxf3 Rc8 31. b3 Nh5 32. Bd2 Bxc3 0-1

[Event "Francophone op 1st"]
[Site "Arvier"]
[Date "2009.09.30"]
[Round "5"]
[White "Labarthe, Arnaud"]
[Black "Marzouk, Amira"]
[Result "1-0"]
[WhiteElo "1871"]
[BlackElo "1703"]
[PlyCount "53"]
[EventDate "2009.09.27"]
[EventType "swiss"]
[EventRounds "9"]
[EventCountry "ITA"]
[SourceTitle "EXT 1999"]
[Source "ChessBase"]
[SourceDate "1998.11.16"]
[SourceVersion "1"]
[SourceVersionDate "1998.11.16"]
[SourceQuality "1"]

1. e4 e5 2. Bc4 Nf6 3. d3 Bc5 4. Nc3 Nc6 5. Na4 Bb6 6. Nxb6 axb6 7. Bg5 d6 8. Ne2 Na5 9. Nc3 Nxc4 10. dxc4 h6 11. Bh4 g5 12. Bg3 Be6 13. b3 h5 14. f3 h4 15. Bf2 h3 16. g4 Nd7 17. Be3 Nf8 18. Qd2 Qf6 19. Rf1 Rg8 20. Nb5 0-0-0 21. Qb4 Ng6 22. 0-0-0 Nh4 23. Nxc7 Kxc7 24. Bxb6+ Kc8 25. Rxd6 Qf4+ 26. Kb1 Bd7 27. Qa5 1-0

[Event "Francophone op 1st"]
[Site "Arvier"]
[Date "2009.09.27"]
[Round "1"]
[White "Labarthe, Arnaud"]
[Black "Landenbergue, Claude"]
[Result "0-1"]
[WhiteElo "1871"]
[BlackElo "2403"]
[PlyCount "34"]
[EventDate "2009.09.27"]
[EventType "swiss"]
[EventRounds "9"]
[EventCountry "ITA"]
[SourceTitle "EXT 1999"]
[Source "ChessBase"]
[SourceDate "1998.11.16"]
[SourceVersion "1"]
[SourceVersionDate "1998.11.16"]
[SourceQuality "1"]

1. e4 c5 2. a3 d5 3. exd5 Qxd5 4. Nc3 Qd8 5. Bb5+ Bd7 6. Bxd7+ Qxd7 7. Nge2 Nc6 8. 0-0 g6 9. f4 Nh6 10. Ng3 Bg7 11. Nce2 Rd8 12. Rb1 0-0 13. b4 c4 14. b5 Na5 15. a4 b6 16. Ba3 Qxd2 17. Bxe7 Qe3+ 0-1

[Event "St Chely d'Aubrac op 9th"]
[Site "St Chely d'Aubrac"]
[Date "2009.07.13"]
[Round "3"]
[White "Grange, Laurent"]
[Black "Labarthe, Arnaud"]
[Result "0-1"]
[WhiteElo "1610"]
[BlackElo "1915"]
[PlyCount "76"]
[EventDate "2009.07.11"]
[EventType "swiss"]
[EventRounds "9"]
[EventCountry "FRA"]
[SourceTitle "EXT 2010"]
[Source "ChessBase"]
[SourceDate "2010.11.25"]
[SourceVersion "1"]
[SourceVersionDate "2010.11.25"]
[SourceQuality "1"]

1. e4 d5 2. exd5 Nf6 3. d4 Bg4 4. f3 Bf5 5. Bb5+ Nbd7 6. c4 e6 7. Bxd7+ Qxd7 8. Qe2 0-0-0 9. dxe6 Bxe6 10. Be3 Bb4+ 11. Nc3 Rhe8 12. d5 Bxd5 13. 0-0-0 Qc6 14. cxd5 Nxd5 15. Rd3 Bxc3 16. bxc3 Nb4 17. Rxd8+ Rxd8 18. Nh3 Qxc3+ 19. Kb1 Re8 20. Re1 Nd3 21. Rd1 Rxe3 22. Qc2 Qxc2+ 23. Kxc2 Nb4+ 24. Kb1 h6 25. Rd2 Re5 26. Nf2 f5 27. f4 Rd5 28. Re2 Kd7 29. Rb2 a5 30. a3 Nd3 31. Rd2 Nxf4 32. Rb2 b6 33. g3 Ne6 34. Nh3 g5 35. Nf2 Kd6 36. Kc1 Nc5 37. g4 fxg4 38. Nxg4 Nd3+ 0-1

[Event "St Chely d'Aubrac op 9th"]
[Site "St Chely d'Aubrac"]
[Date "2009.07.13"]
[Round "4"]
[White "Labarthe, Arnaud"]
[Black "Tassetti, Florent"]
[Result "1-0"]
[WhiteElo "1915"]
[BlackElo "1718"]
[PlyCount "67"]
[EventDate "2009.07.11"]
[EventType "swiss"]
[EventRounds "9"]
[EventCountry "FRA"]
[SourceTitle "EXT 2010"]
[Source "ChessBase"]
[SourceDate "2010.11.25"]
[SourceVersion "1"]
[SourceVersionDate "2010.11.25"]
[SourceQuality "1"]

1. d4 d5 2. Nc3 e6 3. Nf3 c5 4. e4 Nf6 5. Bg5 Be7 6. Bxf6 Bxf6 7. e5 Be7 8. a3 Nc6 9. dxc5 Qc7 10. Nb5 Qb8 11. Nd6+ Bxd6 12. exd6 b6 13. Bb5 Bd7 14. Bxc6 Bxc6 15. Nd4 Qc8 16. cxb6 axb6 17. Qd2 0-0 18. 0-0 Qd7 19. Qc3 Rac8 20. Qg3 Rfd8 21. f4 Qxd6 22. Rae1 Qc5 23. c3 Bd7 24. Kh1 Re8 25. Re3 f6 26. Rfe1 Qd6 27. h4 Re7 28. Nf5 exf5 29. Rxe7 g6 30. Qe3 Rc4 31. g3 Bc6 32. Qxb6 d4+ 33. Kh2 dxc3 34. Qa7 1-0

[Event "Turin Piemonte op 8th"]
[Site "Turin"]
[Date "2008.09.19"]
[Round "1"]
[White "Canale, Claudio"]
[Black "Labarthe, Arnaud"]
[Result "0-1"]
[WhiteElo "1488"]
[BlackElo "1899"]
[PlyCount "66"]
[EventDate "2008.09.19"]
[EventType "swiss"]
[EventRounds "6"]
[EventCountry "ITA"]
[SourceTitle "EXT 2011"]
[Source "ChessBase"]
[SourceDate "2010.11.26"]
[SourceVersion "1"]
[SourceVersionDate "2010.11.26"]
[SourceQuality "1"]

1. d4 d5 2. Bf4 c5 3. c3 Nc6 4. Nf3 e6 5. Nbd2 Nf6 6. h3 Bd6 7. Bxd6 Qxd6 8. e3 0-0 9. Be2 b6 10. 0-0 Bb7 11. Rc1 Ne4 12. Bd3 f5 13. Bb1 Rac8 14. Nxe4 fxe4 15. Nh2 Ba6 16. Re1 Rxf2 17. Qg4 Rcf8 18. Rc2 Rxc2 19. Bxc2 cxd4 20. exd4 Rf4 21. Qg3 Qf8 22. Bb1 e5 23. Qe3 exd4 24. cxd4 Qf6 25. Rd1 h5 26. a3 Ne7 27. g3 Rf5 28. h4 Qg6 29. Rd2 Rf8 30. Rf2 Nf5 31. Qf4 Qxg3+ 32. Qxg3 Nxg3 33. Rxf8+ Kxf8 0-1

[Event "St Chely d'Aubrac op 8th"]
[Site "St Chely d'Aubrac"]
[Date "2008.07.19"]
[Round "9"]
[White "Carno, Matthias"]
[Black "Labarthe, Arnaud"]
[Result "1-0"]
[WhiteElo "1956"]
[BlackElo "1899"]
[PlyCount "101"]
[EventDate "2008.07.13"]
[EventType "swiss"]
[EventRounds "9"]
[EventCountry "FRA"]
[SourceTitle "CBM 125 Extra"]
[Source "ChessBase"]
[SourceDate "2008.09.01"]
[SourceVersion "1"]
[SourceVersionDate "2008.09.01"]
[SourceQuality "1"]

1. e4 d5 2. exd5 Nf6 3. Bb5+ Bd7 4. Bc4 b5 5. Bb3 a5 6. a3 Bg4 7. f3 Bc8 8. d3 a4 9. Ba2 Nxd5 10. c4 bxc4 11. dxc4 Nf6 12. Qxd8+ Kxd8 13. Nc3 e6 14. Bf4 Bd6 15. Rd1 Ke7 16. Nge2 Bxf4 17. Nxf4 g5 18. Nd3 g4 19. f4 Bb7 20. 0-0 Nbd7 21. f5 Ne4 22. Nb5 c6 23. Nc7 Rac8 24. fxe6 Ndf6 25. exf7 Rxc7 26. c5 Rd7 27. Rfe1 Ba6 28. Ne5 Rxd1 29. Nxc6+ Kd7 30. Ne5+ Kc7 31. Rxd1 Nxc5 32. Rd4 Bc8 33. Rf4 Nfd7 34. Nxd7 Nxd7 35. Rxg4 Rd8 36. Rxa4 Nf8 37. Ra7+ Kd6 38. Kf2 Be6 39. Bxe6 Kxe6 40. b4 Nd7 41. a4 Rf8 42. Ra6+ Kd5 43. Ra7 Rxf7+ 44. Ke3 Re7+ 45. Kf4 h6 46. g4 Rf7+ 47. Kg3 Kc4 48. Rb7 Ne5 49. Rxf7 Nxf7 50. a5 Kb5 51. a6 1-0

[Event "FRA-ch Seniors"]
[Site "Aix les Bains"]
[Date "2007.08.21"]
[Round "7"]
[White "Graille, Michel"]
[Black "Labarthe, Arnaud"]
[Result "1/2-1/2"]
[WhiteElo "2010"]
[BlackElo "1952"]
[PlyCount "118"]
[EventDate "2007.08.13"]
[EventType "swiss"]
[EventRounds "11"]
[EventCountry "FRA"]
[SourceTitle "CBM 120 Extra"]
[Source "ChessBase"]
[SourceDate "2007.11.01"]
[SourceVersion "1"]
[SourceVersionDate "2007.11.01"]
[SourceQuality "1"]

1. d4 d5 2. Nf3 Bf5 3. c4 e6 4. Nc3 c6 5. Bf4 Bd6 6. Qd2 Nf6 7. Bxd6 Qxd6 8. e3 Nbd7 9. Be2 dxc4 10. Bxc4 Ne4 11. Nxe4 Bxe4 12. Be2 h6 13. h3 0-0 14. 0-0 Rfd8 15. Qc3 Nb6 16. Rac1 Bd5 17. b3 Nd7 18. a4 b6 19. Nd2 f5 20. Bf3 Rac8 21. b4 Qe7 22. Qb2 Kh8 23. Rc2 Nf6 24. Rfc1 Qe8 25. Bxd5 exd5 26. Nf3 Ne4 27. Ne5 Rd6 28. f3 Ng5 29. Qa3 Nf7 30. b5 Nxe5 31. Qxd6 Nc4 32. Qf4 cxb5 33. axb5 Qe6 34. h4 Re8 35. e4 fxe4 36. fxe4 Qxe4 37. Qf2 Kg8 38. Rf1 Qe6 39. Ra2 Na5 40. Raa1 Qe7 41. Rae1 Qd7 42. Re5 Nc4 43. Rf5 Qe6 44. Rf8+ Rxf8 45. Qxf8+ Kh7 46. Qf5+ Qxf5 47. Rxf5 Kg6 48. Rxd5 Kf6 49. Rd7 Na3 50. Rxa7 Nxb5 51. Ra4 Kf5 52. Rb4 Nc3 53. Rxb6 Ne2+ 54. Kf2 Nxd4 55. g4+ Ke5 56. Rg6 Ne6 57. Ke3 Kd5 58. Kd2 Kd6 59. Ke3 Kd5 1/2-1/2